000
00372nam a2200169Ia 4500
005
20250423094616.0
008
250422s9999 xx 000 0 und d
020
_a
9780140366846
050
_a
PZ 10.3 .S38 .B1/
100
_a
Sewell, Anna
245
0
_a
Black beauty
260
_a
New York
260
_b
Tab Books
260
_c
1994
300
_a
265 p
942
_c
BK
999
_c
27756
_d
27756